000 00440nam a2200157 i 4500
001 90094
003 ES-MaACL
005 20230906180339.0
007 t|
008 050118s1904 fr ||||1| fre d
100 1 _aLechat, Henri.
_971068
245 1 3 _aLa sculpture attique avant phidias /
_cHenri Lechat.
260 _a[S.l. :
_bs.n.,
_c1904] (
_eTours :
_fDeslis Frères)
300 _aVIII, 510 p. ;
_c23 cm.
852 _aES-MaACL
_jF-1434
999 _c90094
_d90094